Reingeniería (Registro nro. 2618)

Detalles MARC
000 -LEADER
fixed length control field 01464 a2200241 4500
001 - CONTROL NUMBER
control field 36161
005 - DATE AND TIME OF LATEST TRANSACTION
control field 20260407155638.0
008 - FIXED-LENGTH DATA ELEMENTS--GENERAL INFORMATION
fixed length control field 260407a1996 arg spa d
003 - CONTROL NUMBER IDENTIFIER
control field AR-UNSa-BCEJYS
040 ## - CATALOGING SOURCE
Original cataloging agency AR-UNSa-BCEJYS
Language of cataloging spa
Transcribing agency AR-UNSa-BCEJYS
080 ## - UNIVERSAL DECIMAL CLASSIFICATION NUMBER
Universal Decimal Classification number 658.016.7
Common auxiliary subdivision Principios generales. Eficiencia. Racionalización. Productividad (Reingeniería)
020 ## - INTERNATIONAL STANDARD BOOK NUMBER
International Standard Book Number 958-04-2650-3
100 1# - MAIN ENTRY--PERSONAL NAME
Personal name Hammer, Michael
245 10 - TITLE STATEMENT
Title Reingeniería
Name of part/section of a work Olvide lo que usted sabe sobre una empresa; cómo debe funcionar una empresa. ¡Casi todo esta errado!
264 #1 - PRODUCTION, PUBLICATION, DISTRIBUTION, MANUFACTURE, AND COPYRIGHT NOTICE
Place of production, publication, distribution, manufacture Bogotá :
Name of producer, publisher, distributor, manufacturer Grupo Editorial Norma
Date of production, publication, distribution, manufacture, or copyright notice 1996
300 ## - PHYSICAL DESCRIPTION
Extent 226 p.
Dimensions 23 cm.
505 ## - FORMATTED CONTENTS NOTE
Formatted contents note 1. La crisis que no va a desaparecer - 2. Reingeniería: El camino del cambio - 3. Reconstrucción de los procesos - 4. El nuevo mundo del trabajo - 5. El papel capacitador de la informática - 6.¿Quién va a rediseñar? - 7. En busca de oportunidades de reingeiería - 8. Experiencia de reingeniería de procesos - 9. Iniciación de la reingeniería - 10. Experiencia de una compañia: Hallmark - 11. Experincia de una compañia: Taco Bell - 12. Experiencia de una compañia: Capital Holding - 13. Experiencia de una compañia: Bell Atlantic - 14. Éxito en la reingeniería -
590 ## - LOCAL NOTE (RLIN)
Local note niveau_biblio:m niveau_hierar:0
700 1# - ADDED ENTRY--PERSONAL NAME
Personal name Champy, James
700 1# - ADDED ENTRY--PERSONAL NAME
Personal name Cárdenas Nannetti, Jorge
856 41 - ELECTRONIC LOCATION AND ACCESS
Uniform Resource Identifier <a href="https://biblioeco.unsa.edu.ar/pmb/images/libros/L85408.jpg">https://biblioeco.unsa.edu.ar/pmb/images/libros/L85408.jpg</a>
Link text Imagen de portada
Electronic format type image/jpeg
942 ## - ADDED ENTRY ELEMENTS (KOHA)
Koha item type
Existencias
Withdrawn status Lost status Damaged status Not for loan Home library Current library Shelving location Date acquired Total checkouts Full call number Barcode Date last seen Price effective from Koha item type
        Biblioteca Prof. Eusebio Cleto del Rey Biblioteca Prof. Eusebio Cleto del Rey   07/04/2026   658.016.7 H224 L70157 07/04/2026 07/04/2026 Libro
        Biblioteca Prof. Eusebio Cleto del Rey Biblioteca Prof. Eusebio Cleto del Rey   07/04/2026   658.016.7 H224 L85408 07/04/2026 07/04/2026 Libro
        Biblioteca Prof. Eusebio Cleto del Rey Biblioteca Prof. Eusebio Cleto del Rey   07/04/2026   658.016.7 H224 L85407 07/04/2026 07/04/2026 Libro